Florida Sports Teams History - Statistics

General Stats
  • This quiz has been taken 23 times
    8 since last reset
  • The average score is 15 of 27
Answer Stats
Hint Year Answer % Correct
Miami MLB: 1993-2011 Florida Marlins
100%
Miami NHL: 1993-Present Florida Panthers
100%
Jacksonville NFL: 1995-Present Jacksonville Jaguars
100%
Miami NFL: 1970-Present Miami Dolphins
100%
Miami AFL: 1966-1969 Miami Dolphins
100%
Miami NBA: 1988-Present Miami Heat
100%
Miami MLB: 2012-Present Miami Marlins
100%
Tampa NFL: 1976-Present Tampa Bay Buccaneers
100%
Tampa MLB: 2007-Present Tampa Bay Rays
100%
Orlando NBA: 1989-Present Orlando Magic
83%
Tampa MLB: 1998-2007 Tampa Bay Devil Rays
83%
Tampa NHL: 1992-Present Tampa Bay Lightning
83%
Miami MLS: 2018-Present Inter Miami CF
50%
Orlando MLS: 2013-Present Orlando City FC
50%
Miami ABA: 1968-1970 Miami Floridians
33%
Tampa MLS: 1996-2001 Tampa Bay Mutiny
33%
Tampa NASL: 1975-1984 Tampa Bay Rowdies
33%
Miami ABA: 1970-1972 The Floridians
33%
Fort Lauderdale NASL: 1977-1983 Fort Lauderdale Strikers
17%
Jacksonville USFL: 1984-1985 Jacksonville Bulls
17%
Jacksonville NASL: 1980-1982 Jacksonville Teamen
17%
Miami MLS: 1998-2001 Miami Fusion
17%
Miami NASL: 1972-1976 Miami Toros
17%
Tampa USFL: 1983-1985 Tampa Bay Bandits
17%
Orlando XFL: 2001 Orlando Rage
0%
Orlando USFL: 1985 Orlando Renegades
0%
Tampa NPSL: 1995-1997 Tampa Bay Terror
0%
No matching quizzes found
Score Distribution
Percent of People with Each Score
Percentile by Number Answered
Your Score History
You have not taken this quiz since the last reset